| 000 | 00551nam a2200157 a 4500 | ||
|---|---|---|---|
| 001 | 000037571 | ||
| 005 | 20200930080439.0 | ||
| 008 | 120501s1993 dr 000 0 spa d | ||
| 020 | _a8489309736 | ||
| 100 | 1 |
_aQuintín Aldea Vaquero _964031 |
|
| 245 | 1 | 3 |
_aEl indio peruano y la defensa de sus derechos : _b1596-1630 / _cQuintín Aldea Vaquero. |
| 260 |
_aPerú : _bPontificia Universidad Católica del Perú, _c1993. |
||
| 300 |
_a652 p. ; _c23 cm. |
||
| 504 | _aIncluye referencias bibliográficas y notas al pie de las páginas | ||
| 999 |
_c37061 _d37061 |
||
| 040 | _aDO-SdBNP | ||